[Event "GRE-chT 46th"]
[Site "Rio Achaia"]
[Date "2018.07.11"]
[Round "2.4"]
[White "Tsavdaras, Dimitrios"]
[Black "Paraskakis, Filippos"]
[Result "0-1"]
[WhiteElo "1213"]
[BlackElo "1344"]
[PlyCount "50"]
[EventDate "2018.07.10"]
[EventType "team"]
[EventRounds "7"]
[EventCountry "GRE"]
[SourceTitle "CBM 185 Extra"]
[Source "ChessBase"]
[SourceDate "2018.07.29"]
[SourceVersion "1"]
[SourceVersionDate "2018.07.29"]
[SourceQuality "1"]
[WhiteTeam "3 Stars 89"]
[BlackTeam "Chania"]
[WhiteTeamCountry "GRE"]
[BlackTeamCountry "GRE"]

1. e4 c5 2. Nf3 Nc6 3. d4 cxd4 4. Nxd4 e5 5. Nb5 d6 6. c4 Be7 7. N5c3 f5 8. Bd3 f4 9. Nd5 Nf6 10. Nbc3 Nd4 11. Bd2 0-0 12. Nxe7+ Qxe7 13. 0-0 Ne8 14. Ne2 f3 15. Nxd4 fxg2 16. Kxg2 exd4 17. Kh1 Bh3 18. Rg1 Rxf2 19. Be1 Rxb2 20. Qh5 Be6 21. Bh4 Qf7 22. Qg5 Qf3+ 23. Rg2 Rxg2 24. Qxg2 Qxd3 25. Rf1 Bh3 0-1

[Event "GRE-ch U10"]
[Site "Rio Achaia"]
[Date "2018.07.06"]
[Round "6"]
[White "Tsavdaras, Dimitrios"]
[Black "Kalogridis, Themistoklis"]
[Result "0-1"]
[WhiteElo "1214"]
[BlackElo "1135"]
[PlyCount "128"]
[EventDate "2018.07.03"]
[EventType "swiss"]
[EventRounds "9"]
[EventCountry "GRE"]
[SourceTitle "EXT 2019"]
[Source "ChessBase"]
[SourceDate "2018.10.10"]
[SourceVersion "1"]
[SourceVersionDate "2018.10.10"]
[SourceQuality "1"]

1. e4 c5 2. Nf3 e6 3. d4 cxd4 4. Nxd4 Nf6 5. Nc3 d6 6. Be2 a6 7. Be3 Nc6 8. f4 Be7 9. Qd2 Qc7 10. g4 Nxd4 11. Bxd4 e5 12. fxe5 dxe5 13. Be3 Bxg4 14. Bg5 Bxe2 15. Bxf6 Bxf6 16. Nd5 Qc4 17. Nxf6+ gxf6 18. Qxe2 Qxe2+ 19. Kxe2 Rc8 20. c3 Rg8 21. Rhg1 Ke7 22. Ke3 Rg6 23. Rg3 Rcg8 24. Rag1 h5 25. Kf3 h4 26. Rg4 Ke6 27. c4 f5 28. exf5+ Kxf5 29. Rxg6 Rxg6 30. Rxg6 Kxg6 31. Ke4 Kf6 32. h3 Ke6 33. b4 f5+ 34. Ke3 b5 35. c5 Kd5 36. a3 a5 37. Kd3 axb4 38. axb4 f4 39. Ke2 e4 40. Kf2 e3+ 41. Kf3 Ke5 42. Ke2 Ke4 43. c6 f3+ 44. Ke1 Kd3 45. c7 f2+ 46. Kf1 e2+ 47. Kxf2 Kd2 48. c8Q e1Q+ 49. Kf3 Qg3+ 50. Ke4 Qe3+ 51. Kd5 Qd3+ 52. Ke5 Qc3+ 53. Qxc3+ Kxc3 54. Kf4 Kxb4 55. Kg4 Kc3 56. Kxh4 b4 57. Kg5 b3 58. h4 b2 59. h5 b1Q 60. h6 Qh7 61. Kh5 Kd4 62. Kg5 Ke5 63. Kh5 Kf4 64. Kh4 Qxh6# 0-1

[Event "GRE-ch U10"]
[Site "Achaia"]
[Date "2017.06.29"]
[Round "5"]
[White "Despotis, Athanasios"]
[Black "Tsavdaras, Dimitrios"]
[Result "1/2-1/2"]
[WhiteElo "1248"]
[BlackElo "1110"]
[PlyCount "86"]
[EventDate "2017.06.26"]
[EventType "swiss"]
[EventRounds "9"]
[EventCountry "GRE"]
[SourceTitle "EXT 2018"]
[Source "ChessBase"]
[SourceDate "2017.10.13"]
[SourceVersion "1"]
[SourceVersionDate "2017.10.13"]
[SourceQuality "1"]

1. d4 d5 2. c4 c6 3. Nc3 e6 4. Nf3 Nf6 5. Bg5 Nbd7 6. e3 Bb4 7. Bd3 Qa5 8. Qc2 Ne4 9. Bxe4 dxe4 10. Nd2 f5 11. 0-0 h6 12. Bf4 g5 13. Bg3 h5 14. h3 g4 15. hxg4 h4 16. Bf4 e5 17. dxe5 Bxc3 18. Qxc3 Qxc3 19. bxc3 fxg4 20. Nxe4 Nb6 21. Nd6+ Ke7 22. a4 Be6 23. c5 Nd5 24. Rac1 Nxf4 25. exf4 h3 26. c4 Rh7 27. Kh2 Rah8 28. Rh1 b5 29. cxb6 axb6 30. g3 Ra8 31. f5 Bd7 32. c5 bxc5 33. Rxc5 Rxa4 34. f6+ Ke6 35. Re1 Ra2 36. Ne4 Rh5 37. Kg1 h2+ 38. Kh1 Ra8 39. f7 Rf8 40. Nd6 Rh7 41. Ne4 Rh5 42. Nd6 Rh7 43. Re4 Ke7 1/2-1/2

[Event "GRE-ch U10"]
[Site "Achaia"]
[Date "2017.06.29"]
[Round "6"]
[White "Tsavdaras, Dimitrios"]
[Black "Chatzigavriil, Georgios A"]
[Result "1/2-1/2"]
[WhiteElo "1110"]
[BlackElo "1296"]
[PlyCount "72"]
[EventDate "2017.06.26"]
[EventType "swiss"]
[EventRounds "9"]
[EventCountry "GRE"]
[SourceTitle "EXT 2018"]
[Source "ChessBase"]
[SourceDate "2017.10.13"]
[SourceVersion "1"]
[SourceVersionDate "2017.10.13"]
[SourceQuality "1"]

1. e4 e5 2. Nf3 Nc6 3. d4 exd4 4. Nxd4 Qf6 5. Nb5 Bc5 6. Qe2 Nd4 7. Nxd4 Bxd4 8. c3 Bb6 9. Be3 Ne7 10. Nd2 0-0 11. 0-0-0 Re8 12. f4 Nf5 13. Nc4 Rxe4 14. Nxb6 Rxe3 15. Qd2 axb6 16. g4 Qd6 17. gxf5 Qxd2+ 18. Kxd2 Re8 19. Bc4 d6 20. f6 g6 21. h4 Bg4 22. Rdg1 h5 23. Rg3 d5 24. Bxd5 Rad8 25. Rd3 c6 26. Be4 Ra8 27. Bf3 Rxa2 28. Bxg4 hxg4 29. h5 Rxb2+ 30. Kc1 Ra2 31. Kb1 Rf2 32. Rd7 Rxf4 33. Rxb7 g3 34. Rg1 Rf2 35. hxg6 Rxf6 36. gxf7+ Rxf7 1/2-1/2

[Event "GRE-ch U08"]
[Site "Porto Rio"]
[Date "2016.07.01"]
[Round "5"]
[White "Antonioudakis, Georgios"]
[Black "Tsavdaras, Dimitrios"]
[Result "1-0"]
[WhiteElo "1130"]
[BlackElo "1017"]
[PlyCount "43"]
[EventDate "2016.06.28"]
[EventType "swiss"]
[EventRounds "9"]
[EventCountry "GRE"]
[SourceTitle "CBM 173 Extra"]
[Source "ChessBase"]
[SourceDate "2016.08.29"]
[SourceVersion "1"]
[SourceVersionDate "2016.08.29"]
[SourceQuality "1"]

1. e4 c5 2. Nf3 Nc6 3. d4 cxd4 4. Nxd4 g6 5. c4 Bg7 6. Be3 Nf6 7. Nc3 0-0 8. Be2 d6 9. 0-0 Nxd4 10. Bxd4 Be6 11. Re1 Qa5 12. a3 Rfc8 13. b4 Qc7 14. Nb5 Qc6 15. Rc1 Nxe4 16. Bxg7 Kxg7 17. Bf3 d5 18. Qd4+ Nf6 19. Nxa7 Qc7 20. Nxc8 Rxc8 21. c5 Kg8 22. b5 1-0